[Event "Pere Noel"]
[Site "Montreal CAN"]
[Date "1984.12.27"]
[Round "2"]
[White "Bolduc, Steve"]
[Black "De Lagrave, Sylvain"]
[Result "1-0"]
[WhiteElo "2054"]
[BlackElo "1890"]
[PlyCount "82"]
[GameId "2160767912714636"]
[EventDate "1984.12.26"]
[EventType "swiss"]
[EventRounds "5"]
[EventCountry "CAN"]
[SourceTitle "EXT 2022"]
[Source "ChessBase"]
[SourceDate "2021.10.06"]
[SourceVersion "1"]
[SourceVersionDate "2021.10.06"]
[SourceQuality "1"]

1. d4 Nf6 2. Nf3 g6 3. g3 Bg7 4. Bg2 O-O 5. O-O c5 6. c4 cxd4 7. Nxd4 Nc6 8. Nc2 d6 9. Nc3 Be6 10. b3 Qd7 11. Bb2 Bh3 12. f3 Bxg2 13. Kxg2 Rfd8 14. e4 e6 15. Ne3 Ne7 16. Rf2 Qc6 17. Rd2 Rd7 18. Rc1 Rad8 19. Qe2 b6 20. Nb5 a6 21. Nd4 Qb7 22. Rdc2 Nxe4 23. Ng4 h5 24. Ne3 Nf6 25. b4 d5 26. c5 bxc5 27. bxc5 Nc6 28. Bc3 Nxd4 29. Bxd4 Qc6 30. Rb1 Ng4 31. Bxg7 Nxe3+ 32. Qxe3 Kxg7 33. Qd4+ e5 34. Qxe5+ Qf6 35. Qxf6+ Kxf6 36. c6 Rc7 37. Rb6 Rd6 38. Rxa6 Ke5 39. Rc5 Kd4 40. Rca5 Rdxc6 41. Ra4+ Kc5 1-0

[Event "Pere Noel"]
[Site "Montreal CAN"]
[Date "1984.12.30"]
[Round "5"]
[White "Bolduc, Steve"]
[Black "Zalys, Ignas"]
[Result "0-1"]
[WhiteElo "2050"]
[BlackElo "1945"]
[PlyCount "60"]
[GameId "2160767912714648"]
[EventDate "1984.12.26"]
[EventType "swiss"]
[EventRounds "5"]
[EventCountry "CAN"]
[SourceTitle "EXT 2022"]
[Source "ChessBase"]
[SourceDate "2021.10.06"]
[SourceVersion "1"]
[SourceVersionDate "2021.10.06"]
[SourceQuality "1"]

1. d4 Nf6 2. Nf3 e6 3. c4 d5 4. Nc3 Nbd7 5. Bg5 c6 6. e3 Qa5 7. Nd2 dxc4 8. Bxf6 Nxf6 9. Nxc4 Qc7 10. e4 b5 11. e5 Nd7 12. Nd2 b4 13. Nce4 f5 14. exf6 Nxf6 15. Bd3 Be7 16. O-O O-O 17. Nf3 Nxe4 18. Bxe4 Ba6 19. Re1 Rac8 20. Ne5 Bg5 21. Qg4 Qe7 22. Nxc6 Qf6 23. Bf3 Bc4 24. Nxb4 Bd2 25. Nc2 Bxe1 26. Rxe1 Bd5 27. Ne3 Bxf3 28. gxf3 Qxf3 29. Qxe6+ Kh8 30. Rf1 Rc6 0-1

[Event "Quebec-ch"]
[Site "Montreal CAN"]
[Date "1984.06.01"]
[Round "3"]
[White "Kopec, Danny"]
[Black "Bolduc, Steve"]
[Result "1/2-1/2"]
[WhiteElo "2309"]
[BlackElo "2042"]
[PlyCount "65"]
[GameId "2160767912784871"]
[EventDate "1984.05.30"]
[EventType "tourn"]
[EventRounds "10"]
[EventCountry "CAN"]

1. d4 d5 2. Nf3 Nf6 3. c4 c6 4. Nc3 e6 5. g3 Bd6 6. Bf4 Bxf4 7. gxf4 dxc4 8. e3 O-O 9. Bxc4 c5 10. Rg1 Nc6 11. Qc2 Nb4 12. Qb3 b5 13. dxc5 Na6 14. Bxb5 Nxc5 15. Qc4 Qe7 16. Rg5 Bb7 17. Qxc5 Qxc5 18. Rxc5 Bxf3 19. Be2 Bxe2 20. Kxe2 Rab8 21. b3 Rfc8 22. Na4 Ne4 23. Rxc8+ Rxc8 24. f3 Nf6 25. Rd1 Kf8 26. a3 Nd5 27. h3 Rc2+ 28. Rd2 Rc1 29. Nb2 Rc3 30. Rd3 Rc2+ 31. Rd2 Rc3 32. Rd3 Rc2+ 33. Rd2 1/2-1/2

[Event "Quebec-ch"]
[Site "Montreal CAN"]
[Date "1984.06.02"]
[Round "4"]
[White "Bolduc, Steve"]
[Black "Leveille, Francois"]
[Result "1-0"]
[WhiteElo "2042"]
[BlackElo "2225"]
[PlyCount "61"]
[GameId "2160767912784876"]
[EventDate "1984.05.30"]
[EventType "tourn"]
[EventRounds "10"]
[EventCountry "CAN"]

1. e4 e6 2. d4 d5 3. Nd2 c5 4. exd5 exd5 5. Bb5+ Bd7 6. Qe2+ Qe7 7. Bxd7+ Nxd7 8. dxc5 Nxc5 9. Nb3 Qxe2+ 10. Nxe2 Nxb3 11. axb3 Bc5 12. Bg5 f6 13. Be3 Bxe3 14. fxe3 Ne7 15. Kf2 Kf7 16. Rhd1 Rhd8 17. Ra5 Rd7 18. Nd4 a6 19. b4 Rd6 20. c3 b6 21. Ra4 a5 22. bxa5 bxa5 23. b4 Rc8 24. bxa5 Ra6 25. Rb1 Rc5 26. Rb7 g6 27. Ke2 Rxc3 28. Rb6 Rxb6 29. axb6 Rc8 30. Ra7 f5 31. Rxe7+ 1-0

[Event "Quebec-ch"]
[Site "Montreal CAN"]
[Date "1984.06.03"]
[Round "5"]
[White "Williams, Leo"]
[Black "Bolduc, Steve"]
[Result "1-0"]
[WhiteElo "2084"]
[BlackElo "2042"]
[PlyCount "71"]
[GameId "2160767912784884"]
[EventDate "1984.05.30"]
[EventType "tourn"]
[EventRounds "10"]
[EventCountry "CAN"]

1. e4 e5 2. Nf3 Nf6 3. Nxe5 d6 4. Nf3 Nxe4 5. Nc3 Nxc3 6. dxc3 Bg4 7. Be2 Be7 8. Be3 Nd7 9. h3 Bxf3 10. Bxf3 c6 11. Qd2 Ne5 12. Be2 d5 13. O-O O-O 14. Rad1 b5 15. b3 Qc7 16. f4 Nd7 17. c4 bxc4 18. bxc4 Nf6 19. Bf3 Rab8 20. Bd4 dxc4 21. Be5 Qb6+ 22. Kh1 Rbd8 23. Qc3 Nd5 24. Bxd5 cxd5 25. Bxg7 Rfe8 26. Bd4 Qh6 27. Rde1 Bd6 28. Rxe8+ Rxe8 29. Qf3 Qe6 30. Qh5 f6 31. Rf3 Rb8 32. Rg3+ Kf8 33. Qh6+ Kf7 34. Qxh7+ Ke8 35. Rg8+ Bf8 36. Bc5 1-0

[Event "Quebec-ch"]
[Site "Montreal CAN"]
[Date "1984.06.04"]
[Round "6"]
[White "Alain, Benoit"]
[Black "Bolduc, Steve"]
[Result "1/2-1/2"]
[WhiteElo "2028"]
[BlackElo "2042"]
[PlyCount "25"]
[GameId "2160767912784885"]
[EventDate "1984.05.30"]
[EventType "tourn"]
[EventRounds "10"]
[EventCountry "CAN"]

1. c4 c6 2. e4 e5 3. Nf3 d6 4. d4 Nd7 5. Nc3 Ngf6 6. g3 Be7 7. Bg2 O-O 8. O-O Qc7 9. h3 Re8 10. Be3 a5 11. Qc2 Bf8 12. Rad1 g6 13. Rfe1 1/2-1/2

[Event "Quebec-ch"]
[Site "Montreal CAN"]
[Date "1984.06.06"]
[Round "8"]
[White "Vallieres, Mario"]
[Black "Bolduc, Steve"]
[Result "1-0"]
[WhiteElo "2042"]
[BlackElo "2042"]
[PlyCount "89"]
[GameId "2160767912784899"]
[EventDate "1984.05.30"]
[EventType "tourn"]
[EventRounds "10"]
[EventCountry "CAN"]

1. d4 d5 2. f4 c5 3. e3 Nc6 4. Nf3 Bg4 5. Be2 e6 6. O-O Bd6 7. c3 Nge7 8. Nbd2 Nf5 9. Nb1 h5 10. Ng5 Qe7 11. Na3 f6 12. Nf3 a6 13. Nc2 O-O-O 14. dxc5 Bxc5 15. b4 Ba7 16. Nfd4 Ncxd4 17. exd4 Kb8 18. Rb1 Rc8 19. Rb3 e5 20. fxe5 fxe5 21. Bxg4 hxg4 22. Qxg4 Nxd4 23. Nxd4 exd4 24. cxd4 Rh4 25. Qg3+ Ka8 26. Bg5 Bxd4+ 27. Kh1 Qe2 28. Re1 Rxh2+ 29. Kxh2 Rh8+ 30. Bh4 Qh5 31. Qh3 g5 32. Bg3 Qg6 33. Qxh8+ Bxh8 34. Bf2 d4 35. b5 axb5 36. Ra3+ Kb8 37. Bg3+ Kc8 38. Ra8+ Kd7 39. Rxh8 d3 40. Ree8 b4 41. Rc8 Ke6 42. Rcd8 Qg7 43. Rhe8+ Kf7 44. Rf8+ Kg6 45. Rg8 1-0

[Event "Quebec-ch"]
[Site "Montreal CAN"]
[Date "1984.06.07"]
[Round "9"]
[White "Bolduc, Steve"]
[Black "Levtchouk, George"]
[Result "0-1"]
[WhiteElo "2042"]
[BlackElo "2243"]
[PlyCount "90"]
[GameId "2160767912784900"]
[EventDate "1984.05.30"]
[EventType "tourn"]
[EventRounds "10"]
[EventCountry "CAN"]

1. e4 g6 2. d4 Bg7 3. Nc3 d6 4. g3 Nd7 5. Bg2 Rb8 6. a4 c5 7. Nge2 Qa5 8. O-O Ngf6 9. h3 a6 10. Be3 cxd4 11. Nxd4 Ne5 12. Qe2 Qc7 13. f4 Ned7 14. g4 e5 15. Nf3 exf4 16. Bxf4 O-O 17. Kh1 Qb6 18. Qd2 Ne5 19. Nxe5 dxe5 20. Bxe5 Nxe4 21. Qf4 Bxe5 22. Qxe5 Nxc3 23. Qxb8 Qxb2 24. Qe5 Nxa4 25. Qxb2 Nxb2 26. Rab1 Nc4 27. Rf6 Kg7 28. Rf4 b5 29. Bd5 Ne3 30. Be4 Re8 31. Bd3 f5 32. gxf5 Nxf5 33. Kg2 Re3 34. h4 h5 35. Kg1 Kf6 36. Rb3 Ke5 37. Rbb4 Bb7 38. Kf2 Rh3 39. Ke2 Bc6 40. c4 a5 41. Rxf5+ gxf5 42. cxb5 axb4 43. bxc6 Rxd3 44. Kxd3 Kd6 45. Kc4 Kxc6 0-1

[Event "Quebec-ch"]
[Site "Montreal CAN"]
[Date "1984.06.08"]
[Round "10"]
[White "Sasseville, Jean"]
[Black "Bolduc, Steve"]
[Result "0-1"]
[WhiteElo "2042"]
[BlackElo "2042"]
[PlyCount "70"]
[GameId "2160767912784909"]
[EventDate "1984.05.30"]
[EventType "tourn"]
[EventRounds "10"]
[EventCountry "CAN"]

1. b3 e5 2. Bb2 d6 3. e3 Nf6 4. c4 g6 5. Nf3 Bg7 6. Be2 O-O 7. Nc3 c6 8. Qc2 Na6 9. a3 Re8 10. d3 d5 11. O-O d4 12. exd4 exd4 13. Na2 c5 14. Rae1 Qd6 15. Bc1 Bg4 16. Bg5 Nc7 17. h3 Bd7 18. Bh4 Nh5 19. Ng5 Nf4 20. Bf3 f5 21. Bxb7 Rab8 22. Rxe8+ Bxe8 23. Bd5+ Ncxd5 24. cxd5 Qxd5 25. Nf3 Bc6 26. Be7 Nxg2 27. Ng5 h6 28. Qxc5 hxg5 29. Qxd5+ Bxd5 30. Nb4 Bf3 31. Bxg5 a5 32. Na2 Rxb3 33. Nc1 Rxa3 34. Kh2 Be5+ 35. Kg1 Nf4 0-1

[Event "Quebec-ch"]
[Site "Montreal CAN"]
[Date "1984.06.10"]
[Round "11"]
[White "Bolduc, Steve"]
[Black "Dupuis, Stephane"]
[Result "1/2-1/2"]
[WhiteElo "2042"]
[BlackElo "2107"]
[PlyCount "34"]
[GameId "2160767912784910"]
[EventDate "1984.05.30"]
[EventType "tourn"]
[EventRounds "10"]
[EventCountry "CAN"]

1. e4 d6 2. d4 Nf6 3. Nc3 g6 4. g3 Bg7 5. Bg2 O-O 6. Nge2 c6 7. a4 a5 8. O-O Na6 9. h3 Nb4 10. Bg5 e5 11. Qd2 Be6 12. Rad1 Bc4 13. Rfe1 Qc7 14. g4 d5 15. dxe5 Nxe4 16. Bxe4 dxe4 17. Bf6 e3 1/2-1/2

[Event "Quebec-ch+"]
[Site "Montreal CAN"]
[Date "1984.05.30"]
[Round "1"]
[White "Pineault, Denis"]
[Black "Bolduc, Steve"]
[Result "1-0"]
[WhiteElo "2198"]
[BlackElo "2042"]
[PlyCount "63"]
[GameId "2160767912784951"]
[EventDate "1984.05.30"]
[EventType "tourn"]
[EventRounds "10"]
[EventCountry "CAN"]

1. e4 c6 2. d4 d5 3. Nc3 dxe4 4. Nxe4 Nd7 5. Bc4 Ngf6 6. Nxf6+ exf6 7. Bf4 Qe7+ 8. Qe2 Nb6 9. Bb3 a5 10. a4 Be6 11. Bxe6 fxe6 12. Nf3 Qd7 13. O-O Kf7 14. Rfe1 Be7 15. c4 Rhe8 16. b3 Bb4 17. Bd2 Qe7 18. Qe3 Nd7 19. Qd3 Rad8 20. Qxh7 Bxd2 21. Nxd2 Rh8 22. Qe4 Ne5 23. f4 Rh4 24. g3 Rg4 25. Qe2 Rxd4 26. fxe5 Qc5 27. Qe3 Qb4 28. exf6 Qxd2 29. Qxe6+ Kg6 30. f7+ Kh7 31. f8=Q Rdf4 32. Qfg8# 1-0

[Event "Quebec-ch intercoll."]
[Site "Shawinigan CAN"]
[Date "1984.04.22"]
[Round "1"]
[White "Bolduc, Steve"]
[Black "Piche, Jean"]
[Result "1-0"]
[WhiteElo "2095"]
[BlackElo "1585"]
[PlyCount "47"]
[GameId "2160767912785014"]
[EventDate "1984.04.22"]
[EventType "team"]
[EventRounds "6"]
[EventCountry "CAN"]
[SourceTitle "hb 2011"]

1. d4 e6 2. Nf3 Nf6 3. Bf4 b6 4. e3 Bb7 5. Be2 d5 6. O-O Bd6 7. Ne5 O-O 8. Bg5 Nbd7 9. f4 Be7 10. Bb5 Nxe5 11. fxe5 Ne4 12. Bxe7 Qxe7 13. c3 c5 14. Nd2 Nxd2 15. Qxd2 f6 16. exf6 Rxf6 17. Rxf6 Qxf6 18. Rf1 Qe7 19. Qf2 Rf8 20. Qg3 Rxf1+ 21. Bxf1 Bc6 22. Qb8+ Kf7 23. Qf4+ Qf6 24. Qc7+ 1-0

[Event "Quebec-ch intercoll."]
[Site "Shawinigan CAN"]
[Date "1984.04.22"]
[Round "2"]
[White "Labelle, Raymond"]
[Black "Bolduc, Steve"]
[Result "0-1"]
[WhiteElo "1652"]
[BlackElo "2095"]
[PlyCount "88"]
[GameId "2160767912785016"]
[EventDate "1984.04.22"]
[EventType "team"]
[EventRounds "6"]
[EventCountry "CAN"]
[SourceTitle "hb 2011"]

1. e4 c5 2. Nf3 d6 3. d4 cxd4 4. Nxd4 Nf6 5. Nc3 e5 6. Nb3 Be6 7. Be2 Be7 8. Be3 O-O 9. O-O a6 10. f4 Qc7 11. f5 Bc4 12. Bxc4 Qxc4 13. Nd2 Qb4 14. g4 Qxb2 15. Na4 Qa3 16. c3 b5 17. Nb6 Nbd7 18. Nxa8 Qxc3 19. Re1 Rxa8 20. g5 Ne8 21. Rc1 Qa5 22. Qg4 Nc5 23. f6 Bf8 24. Nb3 Qb4 25. Nxc5 dxc5 26. fxg7 Nxg7 27. Rf1 Qa3 28. Qg3 c4 29. Qf2 Qe7 30. Rfd1 Rd8 31. h4 Rd7 32. Rd2 Rxd2 33. Qxd2 Qe6 34. Qg2 Qd7 35. Kh2 Ne6 36. Qg4 Qd3 37. Qg1 Qxe4 38. Qg3 Nf4 39. Rf1 Ng6 40. h5 Nf4 41. h6 Ng6 42. Kh3 Qd5 43. Qf3 Qxf3+ 44. Rxf3 Ba3 0-1

[Event "Quebec-ch intercoll."]
[Site "Shawinigan CAN"]
[Date "1984.04.23"]
[Round "3"]
[White "Bolduc, Steve"]
[Black "Cartier, Guillaume"]
[Result "0-1"]
[WhiteElo "2095"]
[BlackElo "1877"]
[PlyCount "100"]
[GameId "2160767912785018"]
[EventDate "1984.04.22"]
[EventType "team"]
[EventRounds "6"]
[EventCountry "CAN"]
[SourceTitle "hb 2011"]

1. d4 f5 2. g3 Nf6 3. Bg2 g6 4. Nf3 Bg7 5. O-O O-O 6. c4 d6 7. Nc3 c6 8. Bf4 Nh5 9. Qd2 Nxf4 10. gxf4 e5 11. dxe5 dxe5 12. Qxd8 Rxd8 13. Nxe5 Be6 14. Rfd1 Nd7 15. Nxd7 Bxd7 16. e3 Be6 17. Bf1 Kf7 18. f3 Ke7 19. Kf2 Rxd1 20. Rxd1 Rd8 21. Rxd8 Kxd8 22. Nd1 Kc7 23. Ke1 Kb6 24. Kd2 Kc5 25. b3 Kb4 26. Kc2 Ka3 27. Kb1 a5 28. e4 a4 29. bxa4 Kxa4 30. Kc2 Kb4 31. Ne3 Bh6 32. exf5 gxf5 33. Bd3 Bxf4 34. Nxf5 Bxc4 35. a3+ Kc5 36. Be4 Bxh2 37. Ne3 Bg8 38. Kd3 Bf4 39. Ng2 Bg3 40. Ne3 h5 41. Bf5 h4 42. Bc8 Bh7+ 43. Ke2 b6 44. Nf5 Bxf5 45. Bxf5 Kc4 46. Bd7 c5 47. Kd2 Kb3 48. a4 c4 49. Bf5 Bf4+ 50. Kd1 Kb2 0-1

[Event "Quebec-ch intercoll."]
[Site "Shawinigan CAN"]
[Date "1984.04.23"]
[Round "4"]
[White "Lagasse, Pascal"]
[Black "Bolduc, Steve"]
[Result "1-0"]
[WhiteElo "1618"]
[BlackElo "2095"]
[PlyCount "53"]
[GameId "2160767912785020"]
[EventDate "1984.04.22"]
[EventType "team"]
[EventRounds "6"]
[EventCountry "CAN"]
[SourceTitle "hb 2011"]

1. e4 c5 2. Nf3 Nc6 3. d4 cxd4 4. Bc4 e6 5. O-O Nf6 6. Qe2 d6 7. c3 d3 8. Bxd3 Be7 9. Bf4 e5 10. Be3 O-O 11. c4 Nh5 12. Nc3 g6 13. Rad1 Bg4 14. Qd2 f5 15. Bh6 Bxf3 16. gxf3 Nd4 17. Be2 fxe4 18. fxe4 Nf4 19. Kh1 Qd7 20. Bxf4 Rxf4 21. Qe3 Raf8 22. Nd5 Bh4 23. Nxf4 Bg5 24. Qh3 Qf7 25. Rxd4 Qxf4 26. Rd3 Qxe4+ 27. Bf3 1-0

[Event "Quebec-ch U20"]
[Site "Montreal CAN"]
[Date "1984.02.24"]
[Round "1"]
[White "Gaudreau, Alain"]
[Black "Bolduc, Steve"]
[Result "0-1"]
[WhiteElo "1684"]
[BlackElo "2083"]
[PlyCount "48"]
[GameId "2160767912785115"]
[EventDate "1984.02.24"]
[EventType "swiss"]
[EventRounds "5"]
[EventCountry "CAN"]
[SourceTitle "hb 2011"]

1. e4 c6 2. d4 d5 3. Nc3 dxe4 4. Nxe4 Nd7 5. Nf3 Ngf6 6. Ng3 e6 7. Bd3 c5 8. O-O cxd4 9. Nxd4 Nc5 10. Bb5+ Bd7 11. Qe2 Be7 12. Rd1 a6 13. Bxd7+ Ncxd7 14. c4 Qc7 15. b3 O-O 16. Bg5 Rfe8 17. Rac1 h6 18. Be3 Rad8 19. c5 Nd5 20. Bd2 N7f6 21. b4 Nf4 22. Bxf4 Qxf4 23. Nc2 Nd5 24. Rd4 Qxc1+ 0-1

[Event "Quebec-ch U20"]
[Site "Montreal CAN"]
[Date "1984.02.25"]
[Round "2"]
[White "Bolduc, Steve"]
[Black "Roy, Alain"]
[Result "1-0"]
[WhiteElo "2083"]
[BlackElo "2020"]
[PlyCount "67"]
[GameId "2160767912793309"]
[EventDate "1984.02.24"]
[EventType "swiss"]
[EventRounds "5"]
[EventCountry "CAN"]

1. d4 Nf6 2. c4 g6 3. Nc3 Bg7 4. e4 d6 5. f4 O-O 6. Nf3 c5 7. d5 e6 8. Be2 exd5 9. e5 dxe5 10. fxe5 Ng4 11. Bg5 Qa5 12. cxd5 Nxe5 13. O-O Nbd7 14. Ne4 h6 15. Be7 Re8 16. d6 Qb4 17. Nxe5 Bxe5 18. Bd3 Qd4+ 19. Kh1 c4 20. Qf3 f5 21. Bc2 Qxb2 22. Rac1 Bg7 23. Nd2 Nb6 24. Nxc4 Nxc4 25. Bb3 Be6 26. Bxc4 Bxc4 27. Rxc4 Qb5 28. Rfc1 Qe5 29. Rc7 Bf8 30. Qb3+ Kh8 31. Qf7 Bg7 32. Qxg6 Rad8 33. Rg1 Qb5 34. Bxd8 1-0

[Event "Quebec-ch U20"]
[Site "Montreal CAN"]
[Date "1984.02.25"]
[Round "3"]
[White "Pouliot, Louis"]
[Black "Bolduc, Steve"]
[Result "0-1"]
[WhiteElo "1802"]
[BlackElo "2083"]
[PlyCount "76"]
[GameId "2160767912793310"]
[EventDate "1984.02.24"]
[EventType "swiss"]
[EventRounds "5"]
[EventCountry "CAN"]
[SourceTitle "hb 2011"]

1. e4 c6 2. d4 d5 3. Nc3 dxe4 4. Nxe4 Nd7 5. Bc4 Ngf6 6. Ng5 e6 7. Qe2 Nb6 8. Bb3 h6 9. N5f3 c5 10. c3 Qc7 11. dxc5 Bxc5 12. Ne5 Nbd7 13. Nxf7 O-O 14. Nf3 Re8 15. N7e5 Nxe5 16. Nxe5 Bxf2+ 17. Kxf2 Qxe5 18. Qxe5 Ng4+ 19. Kg3 Nxe5 20. Re1 Nd3 21. Re3 Nc5 22. Bc4 Bd7 23. Re5 Rac8 24. a3 a5 25. Rb1 b5 26. Be2 Rf8 27. Bg4 Rf1 28. Be2 Rf5 29. Rxf5 exf5 30. Bf3 g5 31. Kf2 f4 32. Kg1 Bf5 33. Ra1 Kg7 34. Bd5 Rd8 35. b4 Rxd5 36. bxc5 Rd1+ 37. Kf2 Bd3 38. Bb2 Rd2+ 0-1

[Event "Quebec-ch U20"]
[Site "Montreal CAN"]
[Date "1984.02.26"]
[Round "4"]
[White "Bolduc, Steve"]
[Black "Gendron, Bernard"]
[Result "1-0"]
[WhiteElo "2083"]
[BlackElo "1907"]
[PlyCount "37"]
[GameId "2160767912793311"]
[EventDate "1984.02.24"]
[EventType "swiss"]
[EventRounds "5"]
[EventCountry "CAN"]

1. d4 e6 2. Nf3 d5 3. Bf4 Nf6 4. h3 c5 5. e3 Nc6 6. c3 Be7 7. Nbd2 O-O 8. Bd3 a6 9. g4 Qe8 10. Ne5 Nxe5 11. Bxe5 c4 12. Bc2 b5 13. g5 Nd7 14. Bxh7+ Kxh7 15. Qh5+ Kg8 16. Bxg7 Kxg7 17. Qh6+ Kg8 18. Rg1 Nb6 19. Rg4 1-0

[Event "Quebec-ch U20"]
[Site "Montreal CAN"]
[Date "1984.02.26"]
[Round "5"]
[White "Poitras, Luc"]
[Black "Bolduc, Steve"]
[Result "0-1"]
[WhiteElo "1657"]
[BlackElo "2083"]
[PlyCount "100"]
[GameId "2160767912793312"]
[EventDate "1984.02.24"]
[EventType "swiss"]
[EventRounds "5"]
[EventCountry "CAN"]
[SourceTitle "hb 2011"]

1. d4 Nf6 2. c4 g6 3. Nc3 Bg7 4. Nf3 O-O 5. e3 d6 6. Bd3 Re8 7. O-O e5 8. dxe5 dxe5 9. e4 c6 10. Qe2 Qc7 11. Bg5 h6 12. Be3 Nh5 13. Rad1 Nf4 14. Qd2 Rd8 15. Bxf4 exf4 16. Qc2 Bg4 17. Be2 Na6 18. a3 Nc5 19. h3 Bxf3 20. Bxf3 Ne6 21. Ne2 a5 22. b4 axb4 23. axb4 Qb6 24. Rxd8+ Rxd8 25. Rb1 Qc7 26. Rd1 Be5 27. Rd2 Ra8 28. Bg4 Nf8 29. Nd4 Qb6 30. Nf3 Bg7 31. b5 h5 32. Bd7 Rd8 33. Qd1 Qc7 34. b6 Qxb6 35. h4 Qb4 36. Bh3 Rxd2 37. Qxd2 Qb1+ 38. Qe1 Qc2 39. Qb4 Qxe4 40. Ng5 Qd4 41. Qxb7 Qxc4 42. Bd7 Nxd7 43. Qxd7 Bf6 44. Qd6 Kg7 45. Qc7 f3 46. Nxf3 Qd5 47. Qb6 c5 48. Qb5 Be5 49. Nxe5 Qxe5 50. g3 Kf6 0-1

[Event "Specialiste-Tch"]
[Site "Montreal CAN"]
[Date "1984.02.09"]
[Round "2"]
[White "Bolduc, Steve"]
[Black "Lake, Perry"]
[Result "1-0"]
[WhiteElo "2073"]
[BlackElo "2021"]
[PlyCount "58"]
[GameId "2160767912793336"]
[EventDate "1984.02.02"]
[EventType "team"]
[EventRounds "5"]
[EventCountry "CAN"]
[SourceTitle "hb 2011"]

1. d4 Nf6 2. Nf3 e6 3. Bf4 b6 4. a3 Ba6 5. Nc3 d5 6. g4 Bd6 7. Bxd6 Qxd6 8. e3 Bxf1 9. Rxf1 c6 10. Qe2 O-O 11. Ne5 Nbd7 12. f4 Ne8 13. g5 Nc7 14. Qh5 Nxe5 15. fxe5 Qe7 16. Rf3 f5 17. gxf6 gxf6 18. Qh4 Ne8 19. O-O-O Rf7 20. Rg1+ Kh8 21. Rfg3 Nc7 22. Qg4 Qf8 23. Qh5 Qe7 24. Rg6 Raf8 25. Ne2 Qe8 26. Nf4 Re7 27. Qh6 Rff7 28. exf6 Rd7 29. Rg7 Qg8 1-0

[Event "Specialiste-Tch"]
[Site "Montreal CAN"]
[Date "1984.02.23"]
[Round "4"]
[White "Bolduc, Steve"]
[Black "Gagnon, Michel"]
[Result "1-0"]
[WhiteElo "2073"]
[BlackElo "2036"]
[PlyCount "78"]
[GameId "2160767912793343"]
[EventDate "1984.02.02"]
[EventType "team"]
[EventRounds "5"]
[EventCountry "CAN"]
[SourceTitle "hb 2011"]

1. d4 Nf6 2. c4 e6 3. Nf3 Bb4+ 4. Nbd2 O-O 5. a3 Be7 6. e4 d5 7. e5 Ne4 8. Qc2 Nxd2 9. Bxd2 dxc4 10. Bxc4 Bd7 11. h4 Bc6 12. Ng5 Bxg5 13. hxg5 g6 14. Qd3 h5 15. Bxe6 Kg7 16. Bh3 Qd5 17. Rc1 Rd8 18. Qe3 Nd7 19. f3 Re8 20. O-O Rad8 21. Bc3 Kg8 22. Qf4 Nf8 23. Rcd1 Bd7 24. g4 Ne6 25. Qf6 Ng7 26. Bg2 Bc6 27. Bd2 Re6 28. Qf4 Qc4 29. Qg3 Bd5 30. Rf2 Ree8 31. Bf1 Qc6 32. Bd3 Qe6 33. Rh2 b6 34. Rh4 c5 35. dxc5 bxc5 36. Rh2 Bc6 37. Qf4 Bd5 38. Bb5 Re7 39. Bc4 Red7 1-0

[Event "CAN-ch U20 1983-84"]
[Site "Saint John CAN"]
[Date "1983.12.27"]
[Round "1"]
[White "Bailey, Doug"]
[Black "Bolduc, Steve"]
[Result "0-1"]
[WhiteElo "2188"]
[BlackElo "2111"]
[PlyCount "80"]
[GameId "2160767912801863"]
[EventDate "1983.12.28"]
[EventType "tourn"]
[EventRounds "11"]
[EventCountry "CAN"]
[SourceTitle "CFC 1984.04"]

1. e4 e5 2. Nf3 d6 3. d4 Nf6 4. Nc3 Nbd7 5. Be2 Be7 6. O-O c6 7. a4 a5 8. h3 O-O 9. Be3 Qc7 10. Re1 Re8 11. Bf1 Nf8 12. Qd2 Bd7 13. Rad1 Rad8 14. d5 Bc8 15. Qd3 N8d7 16. Qc4 Nc5 17. Rd2 Nfd7 18. Qa2 h6 19. Red1 Rf8 20. Kh1 Qb6 21. Ne1 Qb4 22. Nd3 Nxd3 23. Bxd3 Nc5 24. Bc4 Kh8 25. f4 f5 26. fxe5 dxe5 27. d6 Bg5 28. Bxg5 hxg5 29. exf5 Rxf5 30. Bf7 Rf8 31. Bc4 Be6 32. d7 Bxc4 33. d8=Q Bxa2 34. Nxa2 Qc4 35. Qd6 Rf1+ 36. Rxf1 Qxf1+ 37. Kh2 Ne4 38. Qd3 Qf4+ 39. Kg1 Nxd2 40. g3 Qd4+ 0-1

[Event "CAN-ch U20 1983-84"]
[Site "Saint John CAN"]
[Date "1984.01.04"]
[Round "8"]
[White "Kuznecov, Alex"]
[Black "Bolduc, Steve"]
[Result "1/2-1/2"]
[WhiteElo "2307"]
[BlackElo "2111"]
[PlyCount "48"]
[GameId "2160767912801867"]
[EventDate "1983.12.28"]
[EventType "tourn"]
[EventRounds "11"]
[EventCountry "CAN"]
[SourceTitle "CFC 1984.04"]

1. e4 c6 2. d4 d5 3. exd5 cxd5 4. Bd3 Nc6 5. c3 Nf6 6. h3 g6 7. Nf3 Bf5 8. Bxf5 gxf5 9. Bf4 Bg7 10. Nbd2 O-O 11. O-O Ne4 12. Ne1 Kh8 13. f3 Nf6 14. Nd3 Nh5 15. Bh2 e6 16. Re1 Qg5 17. Nf1 Rg8 18. Qd2 Qg6 19. Kh1 Bh6 20. Qf2 f4 21. Ne5 Nxe5 22. Rxe5 Bg7 23. Re2 Bf6 24. Nd2 b6 1/2-1/2

[Event "CAN-ch U20 1983-84"]
[Site "Saint John CAN"]
[Date "1984.01.08"]
[Round "11"]
[White "Bolduc, Steve"]
[Black "Didiodato, Robert"]
[Result "1-0"]
[WhiteElo "2111"]
[BlackElo "1923"]
[PlyCount "81"]
[GameId "2160767912801870"]
[EventDate "1983.12.28"]
[EventType "tourn"]
[EventRounds "11"]
[EventCountry "CAN"]
[SourceTitle "CFC 1984.04"]

1. d4 g6 2. c4 Bg7 3. g3 d6 4. Bg2 f6 5. Nc3 Nh6 6. Nf3 Na6 7. O-O O-O 8. a3 c5 9. Rb1 Bf5 10. e4 Bd7 11. b4 cxd4 12. Nxd4 Nc7 13. Bb2 Rb8 14. Rc1 f5 15. Re1 f4 16. Nd5 fxg3 17. hxg3 Ng4 18. Rc2 Ne8 19. Ne3 Nef6 20. f3 Nxe3 21. Rxe3 Bh6 22. Rd3 Qe8 23. Bc1 Bg7 24. Qe1 Rc8 25. Be3 e5 26. Ne2 d5 27. Rxd5 Nxd5 28. exd5 Bf5 29. Rc1 Bd3 30. c5 e4 31. Nf4 exf3 32. Bxf3 Be4 33. Bg4 Bf5 34. Bf3 Be4 35. Bg4 Bf5 36. Bf3 Bb2 37. d6 Bxc1 38. Bd5+ Rf7 39. Qxc1 Be4 40. Be6 Bf5 41. d7 1-0

[Event "CAN-ch U20"]
[Site "Saint John CAN"]
[Date "1983.12.27"]
[Round "2"]
[White "Gardner, Robert"]
[Black "Bolduc, Steve"]
[Result "0-1"]
[WhiteElo "1978"]
[BlackElo "2111"]
[PlyCount "82"]
[GameId "2160767912801871"]
[EventDate "1983.12.27"]
[EventType "tourn"]
[EventRounds "11"]
[EventCountry "CAN"]
[SourceTitle "hb 2011"]

1. g3 g6 2. Bg2 Bg7 3. Nf3 Nf6 4. O-O O-O 5. d4 d6 6. b3 Nc6 7. Bb2 Bf5 8. Nbd2 Rb8 9. c3 e5 10. Re1 Re8 11. e4 Bg4 12. d5 Ne7 13. h3 Bd7 14. c4 c5 15. dxc6 Nxc6 16. Ba3 Bf8 17. Qc2 Qa5 18. Bb2 Rbc8 19. a3 b5 20. Qd3 Nd8 21. a4 bxa4 22. Bc3 Qc7 23. bxa4 Ne6 24. a5 Nc5 25. Qc2 Rb8 26. Bf1 a6 27. Reb1 Qc6 28. Re1 Rb7 29. Kg2 Reb8 30. Ng1 Nfxe4 31. Nxe4 f5 32. f3 fxe4 33. fxe4 Rb3 34. Rac1 Bh6 35. Bd3 Bxc1 36. Rxc1 Rxc3 37. Qxc3 Rb3 38. Qd2 Rxd3 39. Qg5 Qxe4+ 40. Kh2 Ne6 41. Qh6 Bc6 0-1